Chaîne de mots - Villes - Statistiques

Statistiques générales
  • Ce quiz a été pris 101 fois
  • Le résultat moyen est 10 sur 20
Statistiques - réponses
Indices Villes % Correct
Réputée pour être le berceau de la pizza / Grande ville portuaire NAPLES
90%
Associée à Manhattan (mais si différent), c'est le titre d'une chanson de Renaud en duo avec Axelle Red. KABOUL
79%
Ville d'Asie en 4 lettres et prénom d'une star de Basket, mort dans un accident d'hélicoptère en 2020. KOBE
78%
Ville des Balkans, théâtre de l'assassinat de l'archiduc François-Ferdinand d'Autriche, qui marqua le début de la 1ère Guerre mondiale. SARAJEVO
72%
Antre du PSV ayant vu évolué Ronaldo / Berceau du géant de l'électronique Philips EINDHOVEN
68%
Village martyr de la Seconde guerre Mondiale / -------- Sur Glane ORADOUR
63%
Ville de Crimée devenue célèbre pour avoir accueilli la conférence entre les (futurs) vainqueurs de la 2nde Guerre Mondiale, en Février 1945. YALTA
63%
Plus grande ville du Groenland / Partie postérieure du cou (mais écrit différemment) NUUK
60%
Commune de Seine-Saint-Denis / Nom de famille d'un ancien animateur de télé (La Chance aux chansons) SEVRAN
51%
Ville francophone de Belgique, capitale de la Wallonie, connue pour sa citadelle. NAMUR
50%
Capitale de son pays depuis 1998, elle a pris le nom de Nour-Soultan entre 2019 et 2022 / Équipe Cycliste ASTANA
47%
Sous-préfecture du Puy-de-Dôme en 4 lettres RIOM
45%
Ville ou évolue le Stade Briochin, qui a été éliminé à Rennes par le PSG en 1/4 de finale de la Coupe de France en 2025. SAINT BRIEUC
45%
Commune de l'Oise située au cœur d'une forêt du même nom / Idéal pour accompagner un dessert CHANTILLY
41%
Commune de Suisse accueillant chaque année le Forum économique mondial, une réunion des élites et dirigeants de la planète. Station de sports d'hiver. DAVOS
41%
Commune d'Indre-et-Loire / En argot, c'est la poitrine LOCHES
40%
Petite ville portugaise et lieu de pèlerinage, la Vierge Marie y serait apparue en 1917. FATIMA
38%
Capitale du Commonwealth de Virginie et ancienne capitale de la Confédération sudiste entre 1861 et 1865. RICHMOND
26%
Commune du Pas-de-Calais / Pratique pour voyager AVION
21%
Commune des Hauts-de-Seine / Assure la santé et prévoyance de nombreuses entreprises et familles MALAKOFF
18%
Aucun quiz correspondant
Distribution des résultats
% des personnes avec chaque résultat
Percentile par nombre de réponses
Votre historique - résultats
Vous n’avez pas pris ce quiz